| 000 | 00551nam a2200181Ia 4500 | ||
|---|---|---|---|
| 003 | GCL | ||
| 008 | 140319s9999 xx 000 0 ara d | ||
| 040 |
_aGCL / _cGCL |
||
| 082 | 0 | 4 |
_a332.4 _bع ن |
| 100 | 1 | _aعقيل جاسم عبدالله | |
| 245 | 1 | 0 |
_aالنقود والمصارف / _cعقيل جاسم عبدالله |
| 300 | _a290 ص | ||
| 490 |
_aمنشورات الجامعة المفتوحة _v0 |
||
| 650 | 0 | 4 | _aالنقود |
| 650 | 0 | 4 | _aالاوراق المالية |
| 650 | 0 | 4 | _aالتوازن الاقتصادى |
| 942 |
_2ddc _cBK |
||
| 999 |
_c43534 _d43534 |
||